| 000 | 02126nam0a2200361 4500 | ||
|---|---|---|---|
| 001 | RU\NLR\bibl\1753959 | ||
| 005 | 20260408212222.0 | ||
| 010 |
_a978-5-7429-0644-5 _93000 |
||
| 021 |
_aRU _b2011-18242 _91292 |
||
| 035 | _a(NLR Aleph) 001744801 | ||
| 090 |
_a1481959 _c1481959 |
||
| 100 | _a20110401d2011 |||y0rusy50 ca | ||
| 101 | 0 | _arus | |
| 102 | _aRU | ||
| 105 | _aa ||||||||| | ||
| 200 | 1 |
_aПраздничная топонимика на улицах Москвы _eАрхангельский переулок, Бегоявленский переулок, Воздвиженка, Покровка, Рождественка, Сретенка, Троицкая улица _eметодические рекомендации _fОбщерос. олимпиада школьников по основам православ. культуры _g[сост. В.М. Бычкова _gавт. вступ. ст. Т.В. Склярова] |
|
| 210 |
_aМосква _cИзд-во ПСТГУ _d2011 |
||
| 215 |
_a98, [1] с. _cил., цв. ил. _d29 |
||
| 606 | 1 |
_aРусский язык _jМетодические пособия _xТопонимика _yМосква, город _92080847 _3RU\NLR\auth\661256799 |
|
| 606 | 1 |
_a"Основы православной культуры", курс _jМетодические пособия _xОлимпиады школьные _92625276 _3RU\NLR\auth\661561836 |
|
| 606 |
_aКраеведческая работа _xСредняя школа _yМосква, город _jМетодические пособия _3RU\NLR\AUTH\6601652301 _92403899 |
||
| 686 | 1 | _aШ141.12-314я8 | |
| 686 | 1 | _aЧ426.991-382.61я8 | |
| 686 | 1 | _aЧ421.385.44я8 | |
| 702 | 1 |
_aБычкова _bВ. М. _gВалентина Михайловна _4220 |
|
| 711 | 1 | 2 |
_aОбщероссийская олимпиада школьников по основам православной культуры _d2 _f2010 _eМосква _3RU\NLR\AUTH\8810182619 _9861912 |
| 801 | 0 |
_aRU _bNLR _c20110401 _gRCR |
|
| 801 | 1 |
_aRU _bNLR _c20110401 |
|
| 942 | _cBOOK | ||
| 980 | _aNB | ||
| 980 | _aNBR | ||